Education canine - Statistiques

Statistiques générales
  • Ce quiz a été pris 25 fois
  • Le résultat moyen est 41 sur 60
Statistiques - réponses
Question Réponse % Correct
Quel est le comportement typique d’un chiot bien socialisé face à un nouvel environnement ? Curiosité avec une légère prudence
88%
Quel est le risque principal d’un chien mal dépensé physiquement et mentalement ? Destruction, agitation et troubles du comportement
88%
Comment appelle-t-on l’apprentissage de la morsure inhibée ? Inhibition de la morsure
88%
Pourquoi les balades en extérieur sont-elles indispensables dès le plus jeune âge ? Pour sa socialisation et son développement mental
88%
Quelle est la meilleure façon d’apprendre un nouvel ordre à un chien ? Répétition, patience et récompenses adaptées
88%
Quel est l’impact de la cohérence des règles dans l’éducation d’un chien ? Un apprentissage plus rapide et une meilleure compréhension
88%
Quelle est la durée moyenne de la gestation chez la chienne ? 63 jours
81%
À quel âge un chiot commence-t-il à tester les limites avec ses humains ? 6 à 8 mois (préadolescence)
81%
Quel est le principal risque d’un chiot trop couvé par son propriétaire ? Développement d’un hyper-attachement et anxiété de séparation
81%
Quel est le principal réflexe à avoir lorsqu’un chiot fait ses besoins au bon endroit ? Le féliciter immédiatement
81%
Comment réagir si un chiot montre de la peur face à un stimulus inconnu ? Lui laisser le temps d’observer et l’encourager doucement
81%
Quel est le principal risque d’une gestation trop jeune ? Mauvaise croissance et rejet des chiots
81%
Comment renforcer un comportement souhaité chez un chien ? Par le renforcement positif (récompenses, félicitations)
81%
Quel est le principal intérêt de récupérer un chiot à 8 semaines plutôt qu’à 3 mois ? Permettre une socialisation correcte et adaptée à l’humain
81%
Pourquoi est-il important que le chiot rencontre d’autres chiens adultes équilibrés ? Pour apprendre les codes canins et éviter les erreurs de communication
81%
Quel est l’intérêt des jouets interactifs pour un chiot ? Stimuler son intelligence et canaliser son énergie
81%
Que signifie un chien qui baille de manière excessive dans une situation nouvelle ? Un signe de stress ou d’inconfort
81%
Quel ordre de base est souvent enseigné en premier ? Assis
75%
Que doit faire le propriétaire de la femelle après une saillie si les chiots doivent être LOF ? Déclaration de saillie sous 8 semaines puis déclaration de naissance sous 2 semaines après la mise bas
75%
Pourquoi certains chiens développent-ils une anxiété de séparation ? Hyper-attachement et manque d’apprentissage de la solitude
75%
Pourquoi ne faut-il jamais gronder un chiot après un accident de propreté si on ne l’a pas vu faire ? Il ne comprend pas le lien entre l’acte et la punition
75%
Quel est le principal facteur qui influence la stabilité émotionnelle d’un chien adulte ? La qualité de sa socialisation et de son éducation dès son plus jeune âge
75%
Pourquoi l’absence de stimulation mentale peut-elle causer des troubles du comportement ? Le chien s’ennuie, ce qui entraîne frustration et comportements indésirables
75%
Quel est le principal rôle de la mère pendant les premières semaines ? Les nourrir et leur enseigner les bases de la communication
75%
Comment appelle-t-on un chien qui n’est pas inscrit au LOF ? Non LOF
75%
Pourquoi faut-il habituer un chiot à la solitude dès son arrivée ? Pour éviter l’anxiété de séparation plus tard
75%
Pourquoi éviter les journées trop chargées dès l’arrivée du chiot ? Pour éviter une surcharge émotionnelle
75%
Pourquoi faut-il varier les lieux et les rencontres pour un chiot ? Pour l’habituer à différentes situations et éviter les phobies
75%
Pourquoi est-il recommandé de garder un tissu imprégné de l’odeur de la fratrie ? Pour limiter l’anxiété du chiot
75%
Pourquoi faut-il éviter les rencontres brutales avec des chiens inconnus lors des premières sorties ? Pour ne pas créer un traumatisme ou une peur des congénères
75%
Quel est l’impact d’un stress intense durant la phase de socialisation ? Risque de troubles du comportement à l’âge adulte
75%
Quel est l’objectif principal d’un bon élevage ? Sélectionner des chiens équilibrés et en bonne santé
75%
Quelle est la première règle pour l’apprentissage de la propreté ? Sortir régulièrement le chiot après chaque activité importante
75%
Que doit absolument vérifier un adoptant avant de choisir un chiot ? Tempérament, santé, conditions d’élevage
75%
Quelle est la conséquence principale d’un manque de socialisation chez un chien adulte ? Troubles du comportement (peur, agressivité, anxiété)
75%
Quel est l’âge légal minimum pour adopter un chiot en France ? 8 semaines
69%
À quoi sert l’inhibition de la morsure dans la communication canine ? À apprendre à contrôler la force de sa mâchoire
69%
Quelle est la conséquence d’un stress chronique chez la mère gestante sur les chiots ? Altération du développement émotionnel et cognitif
69%
Que signifie l’homéostasie sensorielle chez le chien ? Capacité à gérer les stimuli sensoriels et émotionnels
69%
Quel document l’adoptant doit-il signer 7 jours avant l’adoption ? Certificat d’engagement
69%
Quelle est la première étape du développement du chiot ? Néonatale
69%
Quelle est la principale différence entre un chien adulte équilibré et un chien présentant des troubles comportementaux ? Un chien équilibré sait gérer son stress et interagir correctement avec son environnement
69%
Où placer le couchage du chiot pour favoriser son autonomie ? Dans un coin calme, à l’écart des passages
63%
Quel est le meilleur moyen de détourner un chiot du mordillement sur les mains ? Lui donner un jouet approprié et détourner son attention
63%
Quel est le seul sens fonctionnel à la naissance chez le chiot ? Odorat
63%
Quel est le premier apprentissage que doit acquérir un chiot en arrivant chez lui ? Propreté
63%
Quel terme désigne l’incapacité du chiot à gérer son stress face à des nouveautés ? Syndrome de privation sensorielle
63%
À quel âge commencent à s’ouvrir les yeux du chiot ? Entre 10 et 14 jours
56%
Quels sont les deux types de saillie existants ? Saillie naturelle et insémination artificielle
56%
À quel âge environ un chien de grande race devient-il adulte ? Vers 2 ans
56%
Entre quelles semaines se situe la période de socialisation principale ? 4 à 12 semaines
50%
Jusqu’à quel âge parle-t-on de socialisation chez le chiot ? Jusqu’à 16 semaines
44%
Comment appelle-t-on le moment où le mâle et la femelle restent collés après la saillie ? Nouage
44%
Comment s’appelle la phase où le chiot devient plus méfiant envers les nouveautés ? Phase d’aversion
44%
Comment s’appelle la phase du cycle où la chienne est fertile ? Oestrus
38%
Après combien de jours peut-on confirmer une gestation par échographie ? 25 jours
31%
À partir de quel âge un chiot commence-t-il à s’éloigner de sa mère pour explorer son environnement ? 3 semaines
31%
Comment appelle-t-on une gestation sans fécondation ? Grossesse nerveuse
31%
Quelle est la durée moyenne des chaleurs ? 9 jours
25%
Quelle hormone déclenche l’ovulation chez la chienne ? LH (Hormone lutéinisante)
13%
Aucun quiz correspondant
Distribution des résultats
% des personnes avec chaque résultat
Percentile par nombre de réponses
Votre historique - résultats
Vous n’avez pas pris ce quiz